Водонапорная башня в г.Ростове на Дону: Новейшая конструкция и новейший способ производства работ; Строительная промышленность; № 5

ग्रंथसूची विवरण
Parent link:Строительная промышленность: научно-технический и производственный журнал/ СССР, Государственный комитет по делам строительства (Госстрой СССР).— , 1923-1958
№ 5.— 1928.— С. 380-382
मुख्य लेखक: Евдокимов-Рокотовский М. И. Михаил Ильич
सारांश:В фонде НТБ ТПУ отсутствует
भाषा:रूसी
प्रकाशित: 1928
विषय:
स्वरूप: पुस्तक अध्याय
KOHA link:https://koha.lib.tpu.ru/cgi-bin/koha/opac-detail.pl?biblionumber=602901

MARC

LEADER 00000naa0a2200000 4500
001 602901
005 20250313142021.0
035 |a (RuTPU)RU\TPU\tpu\29807 
035 |a RU\TPU\prd\156580 
090 |a 602901 
100 |a 20210520d1928 k||y0rusy50 ca 
101 0 |a rus 
102 |a RU 
200 1 |a Водонапорная башня в г.Ростове на Дону  |e Новейшая конструкция и новейший способ производства работ  |f М. И. Евдокимов-Рокотовский 
333 |a В фонде НТБ ТПУ отсутствует 
461 |t Строительная промышленность  |o научно-технический и производственный журнал  |f СССР, Государственный комитет по делам строительства (Госстрой СССР)  |d 1923-1958 
463 |t № 5  |v С. 380-382  |d 1928 
610 1 |a строительное дело 
610 1 |a труды учёных ТПУ 
700 1 |a Евдокимов-Рокотовский  |b М. И.  |c советский инженер-строитель  |c профессор ТПИ  |f 1887-1967  |g Михаил Ильич  |3 (RuTPU)RU\TPU\pers\21864  |9 9201 
801 0 |a RU  |b 63413507  |c 20011210  |g PSBO 
801 2 |a RU  |b 63413507  |c 20220111  |g PSBO 
942 |c CR